000 00779nam a22002175i 4500
001 165174
003 ES-MaACL
005 20230906213059.0
008 960320s1847 sp |||| | spa d
040 _aAS
_bspa
_cCCPB | SIC
080 _a347.235/.237(460)(091)
100 1 _aSempere y Guarinos, Juan (
_d1754-1830)
_9105412
245 1 0 _aHistoria de los vínculos y mayorazgos /
_cpor Juan Sempere y Guarinos.
250 _a2ª ed.
260 _aMadrid :
_b[s.n.],
_c1847 (
_fEstablecimiento tipográfico de D. Ramón Rodríguez de Rivera)
300 _a137 p. ;
_c22 cm.
597 _aEncuadernado con otra obra.
650 _aMayorazgo-
_zEspaña-
_vHistoria.
_9153286
650 4 _aPropiedad rústica-
_zEspaña.
_916497
852 _aES-MaACL
_jE-13123(2)
_z-- Enc. hol.
999 _c165174
_d165174